000 00282nam a2200109Ia 4500
008 190914s9999||||xx |||||||||||||| ||und||
100 _aYen, Langari
245 0 _aFuzzy Logic Intelligence Control, and Information
260 _aNew Delhi
_bDorling
_c2000
300 _a455
942 _cBK
999 _c9916
_d9916